000 00300nam a22001337a 4500
008 170831b xxu||||| |||| 00| 0 eng d
020 _a9780205377992
041 _aeng
080 _23RD
_a070
100 _a40
101 _aMED
245 _aMODERN RHETORICAL CRITICISM
_cHART,R.P
942 _2udc
_cBK
999 _c25735
_d25735